Countries of the World By First Letter - Statistics

General Stats
  • This quiz has been taken 2,630 times
  • The average score is 191 of 196
Answers on the Map
Answers color-coded by a green-red scale on the quiz's map according to % correct below.
 
Answer Stats
Country % Correct
Saudi Arabia
100%
Afghanistan
99%
Albania
99%
Algeria
99%
Andorra
99%
Angola
99%
Antigua and Barbuda
99%
Argentina
99%
Armenia
99%
Australia
99%
Austria
99%
Azerbaijan
99%
Cambodia
99%
Cameroon
99%
Canada
99%
Cape Verde
99%
Central Republic
99%
Chad
99%
Chile
99%
City
99%
Coast
99%
Colombia
99%
Comoros
99%
Costa Rica
99%
Croatia
99%
Cuba
99%
Definitely Asia
99%
Republic of the Democratic Republic of the Republic of the Congolese People
99%
Uganda
99%
Ukraine
99%
Uruguay
99%
Uzbekistan
99%
Bahamas
98%
Bahrain
98%
Bangladesh
98%
Barbados
98%
Belarus
98%
Belgium
98%
Belize
98%
Benin
98%
Bhutan
98%
Bolivia
98%
Bosnia and Herzegovina
98%
Botswana
98%
Brazil
98%
Brunei
98%
Bulgaria
98%
Burkina Faso
98%
Burundi
98%
Democratic Republic
98%
Denmark
98%
Djibouti
98%
Dominica
98%
East Timor
98%
Ecuador
98%
Egypt
98%
El
98%
Emirates
98%
Equator
98%
Eritrea
98%
Estonia
98%
Eswatini
98%
Ethiopia
98%
Gambia
98%
Madagascar
98%
Malawi
98%
Malaysia
98%
Maldives
98%
Mali
98%
Malta
98%
Mauritania
98%
Mauritius
98%
Mexico
98%
Moldova
98%
Monaco
98%
Mongolia
98%
Montenegro
98%
Morocco
98%
Mozambique
98%
Myanmar
98%
Pakistan
98%
Palau
98%
Panama
98%
Papua New Guinea
98%
Paraguay
98%
Peru
98%
Philippines
98%
Poland
98%
Portugal
98%
Republic
98%
Romania
98%
Russia
98%
Rwanda
98%
Saint Kitts and Nevis
98%
Saint Lucia
98%
Saint Vincent and the Grenadines
98%
Samoa
98%
San Marino
98%
São Tomé and Príncipe
98%
Senegal
98%
Serbia
98%
Seychelles
98%
Sierra Leone
98%
Singapore
98%
Slovakia
98%
Slovenia
98%
Somalia
98%
South Africa
98%
South Korea
98%
South Sudan
98%
Spain
98%
Sri Lanka
98%
States
98%
Sudan
98%
Suriname
98%
Sweden
98%
Switzerland
98%
Syria
98%
The Ocean
98%
Federated States
97%
Fiji
97%
Finland
97%
France
97%
Gabon
97%
Georgia
97%
Germany
97%
Ghana
97%
Greece
97%
Grenada
97%
Guatemala
97%
Guinea
97%
Guinea-Bissau
97%
Guyana
97%
Haiti
97%
Honduras
97%
Hungary
97%
Iceland
97%
India
97%
Indonesia
97%
Iran
97%
Iraq
97%
Ireland
97%
Islands
97%
Israel
97%
Italy
97%
Jamaica
97%
Japan
97%
Jordan
97%
Kazakhstan
97%
Kenya
97%
Kingdom
97%
Kiribati
97%
Kosovo
97%
Kuwait
97%
Kyrgyzstan
97%
Laos
97%
Latvia
97%
Lebanon
97%
Lesotho
97%
Liberia
97%
Libya
97%
Liechtenstein
97%
Lithuania
97%
Luxembourg
97%
Namibia
97%
Nauru
97%
Nepal
97%
New Zealand
97%
Nicaragua
97%
Niger
97%
Nigeria
97%
North Korea
97%
North Macedonia
97%
Norway
97%
Oman
97%
Taiwan
97%
Tajikistan
97%
Tanzania
97%
Thailand
97%
Togo
97%
Tonga
97%
Trinidad and Tobago
97%
Tunisia
97%
Turkey
97%
Turkmenistan
97%
Tuvalu
97%
Vanuatu
97%
Venezuela
97%
Vietnam
97%
Yemen
96%
Zambia
96%
Zimbabwe
96%
Qatar
93%
West Taiwan
79%
No matching quizzes found
Score Distribution
Percent of People with Each Score
Percentile by Number Answered
Your Score History
You have not taken this quiz